000 00485nam a2200217Ia 4500
003 IT-RoPAU
008 120407s9999 xx 000 0 und d
040 _aIT-RoPAU
040 _cIT-RoPAU
041 _aesp
100 _aMario Garde
245 _aNatal. A mais completa antologia natalina em verso e em prosa.
250 _aPorto Alegre
260 _aEP. Figlie
260 _c1959
300 _a326 p.
300 _c22,5 cm
490 _v1
942 _cBK
999 _c32635
_d32635